Folklore (Record no. 64427)

MARC details
000 -LEADER
campo de control de longitud fija 00565nam a2200169 i 4500
001 - NÚMERO DE CONTROL
campo de control 64427
003 - IDENTIFICADOR DE NÚMERO DE CONTROL
campo de control ES-MaACL
005 - FECHA Y HORA DE LA ÚLTIMA TRANSACCIÓN
campo de control 20230906165128.0
007 - CAMPO FIJO DE DESCRIPCIÓN FÍSICA--INFORMACIÓN GENERAL
campo de control de longitud fija t|
008 - DATOS DE LONGITUD FIJA--INFORMACIÓN GENERAL
campo de control de longitud fija 031224s1971 sp ||||1| spa d
245 00 - MENCIÓN DEL TÍTULO
Título Folklore
Resto del título : recopilación de canciones populares regionales /
Mención de responsabilidad, etc. por Antonio Alvarez Arias ; prólogo Francisco P. Pérez Herrero.
260 ## - PUBLICACIÓN, DISTRIBUCIÓN, ETC.
Lugar de publicación, distribución, etc. León :
Nombre del editor, distribuidor, etc. [s.n.],
Fecha de publicación, distribución, etc. 1971.
300 ## - DESCRIPCIÓN FÍSICA
Extensión XXII, 172 p. :
Otras características físicas il. ;
Dimensiones 21 cm.
700 1# - ENTRADA AGREGADA--NOMBRE PERSONAL
Nombre de persona Alvarez Arias, Antonio.
9 (RLIN) 20695
700 1# - ENTRADA AGREGADA--NOMBRE PERSONAL
Nombre de persona Pérez Herrero, Pedro.
9 (RLIN) 90940
852 ## - LOCALIZACIÓN
Ubicación ES-MaACL
Número de control de estantería C-44630
Sublocalización o colección R.76849
Holdings
Estatus retirado Estado de pérdida Estado de daño No para préstamo Biblioteca de origen Biblioteca actual Ubicación en estantería Fecha de adquisición Fuente de adquisición Total de préstamos Signatura topográfica completa Código de barras Visto por última vez Precio de reemplazo Tipo de ítem Koha
        Biblioteca del Ateneo de Madrid Biblioteca del Ateneo de Madrid Depósito 2 17/01/2008     C-44630 1067513 23/02/2023 23/02/2023 Libro impreso